[Event "World Amateur-ch U2300"]
[Site "Cagliari"]
[Date "2018.04.23"]
[Round "3"]
[White "Messina, Giuseppe Ottavio"]
[Black "Neri, Enzo"]
[Result "1-0"]
[WhiteElo "2007"]
[BlackElo "2086"]
[PlyCount "81"]
[EventDate "2018.04.22"]
[EventType "swiss"]
[EventRounds "9"]
[EventCountry "ITA"]
[SourceTitle "CBM 184 Extra"]
[Source "ChessBase"]
[SourceDate "2018.06.28"]
[SourceVersion "1"]
[SourceVersionDate "2018.06.28"]
[SourceQuality "1"]

1. e4 c5 2. c3 Nf6 3. e5 Nd5 4. d4 cxd4 5. Bc4 Nb6 6. Bb3 d5 7. exd6 Qxd6 8. Nf3 e6 9. cxd4 Nc6 10. Nc3 Be7 11. 0-0 a6 12. Be3 Nb4 13. Qd2 N4d5 14. Rac1 0-0 15. Qe2 Qb8 16. Rfe1 Bd7 17. Bd2 Nxc3 18. Bxc3 Ba4 19. Bxe6 Bf6 20. Bf5 Nd5 21. Bd2 Qd6 22. g3 g6 23. Bc2 Bxc2 24. Rxc2 Nb4 25. Bf4 Qb6 26. Bc7 Qa7 27. Rd2 Rfc8 28. Bd6 Nxa2 29. Rc2 Rd8 30. Be5 Bxe5 31. Qxe5 Nb4 32. Rc7 Re8 33. Re7 Rxe7 34. Qxe7 Nc6 35. Qf6 Rf8 36. d5 Nd8 37. Ng5 Qc5 38. d6 Qc6 39. Qe7 h6 40. Ne4 Ne6 41. Nf6+ 1-0